000 00679nam a2200241Ia 4500
003 OSt
005 20220928104714.0
006 a|||||r|||| 00| 0
007 ta
008 220927b |||||||| |||| 00| 0 eng d
024 _a44722
037 _cTextual
040 _aSDCL
_cSDCL
_beng
041 _2eng
_aeng
082 _aO152,1N:g, L5
100 _aRaw Bal Krishan
_9411628
245 0 _aNayee kavita parivesh, pravarti ainv abhivyakti.
260 _aAagra
_bRanjan Prakashan
_c1975
300 _a299p
_ccm.
700 _a Govind Rajneesh
_9411629
942 _hO152,1N:g, L5
_cTEXL
_2CC
999 _c727322
_d727322